00490nam a22001937a 450000500170000000800410001702000150005804100080007308200160008110000370009724500260013426000270016030000180018765000120020565000230021794200130024099900150025395200280026820231012091651.0160608b1995 xxu||||| |||| 00| 0 spa d a9507244344 aESP a235.3 M582a aMesquita Galvao, Antonio 911250 aÁngeles ¿existen?  aArgentinabLumenc1995 a141 páginas aANGELES aMENSAJEROS DE DIOS cLIT2ddc c8267d8267 o235.3 M582ap11082yLIT